000 00397nam a2200157Ia 4500
005 20250402090418.0
008 231217s9999 xx 000 0 und d
020 _a9788131404850
082 _a658.4 JAI;1 R
100 _aJain, Ravi Kumar B ed.
245 0 _aIT governance : an introduction
260 _c2006
_bIcfai
_aHyderabad
300 _axi, 298
650 _agovernance
942 _cAA
999 _c189894
_d189894